Top 10 państw Afryki pod względem ludności - Statystyki

Ogólne statystyki
  • Ten quiz został rozwiązany 34 432 razy
  • Średni wynik to 8 z 10
Statystyki odpowiedzi
Liczba ludności Państwo % Poprawnych
103 mil Egipt
95%
209 mil Nigeria
95%
59.7 mil Republika Południowej Afryki
95%
91.2 mil Demokratyczna Republika Konga
86%
44.3 mil Algieria
83%
117 mil Etiopia
75%
44.5 mil Sudan
73%
54.5 mil Kenia
70%
60.8 mil Tanzania
56%
46.6 mil Uganda
39%
Nie znaleziono quizów pasujących do podanych kryteriów
Rozkład punktacji
Procent ludzi z każdym wynikiem
Percentyl według liczby udzielonych odpowiedzi
Twoja historia wyników
Nie rozwiązałeś tego quizu